Представление документа в формате RUSMARC

ПолеНазваниеЗначение
  Тип записи a
  Библиографический уровень c
001 Контрольный номер RU/IS/BASE/582913893
005 Дата корректировки 20241202123245.4
010 Индекс ISBN __
a ISBN 978-5-00095-428-7 (в пер.)
d Цена 591-00, 1000 экз.
100 Данные общей обработки __
a Данные общей обработки 19180621d2018||||||| 0rusy0189 ca
101 Язык документа 0_
a Язык текста rus
102 Страна публикации __
a Страна публикации ru
105 Кодированные данные (монография) __
a Кодированные данные (монография) #|||||||000zy
200 Заглавие и сведения об ответственности 1_
a Заглавие Пропавший батальон
e Сведения, относящиеся к заглавию [повесть, рассказы]
f Первые сведения об ответственности Евгений Филатов
b Общее обозначение материала Текст
210 Выходные данные 1_
a Место издания Москва
c Издательство У Никитских ворот
d Дата издания 2018
215 Физическое описание __
a Объем 205, [2] с.
d Формат 20 см
225 Серия 2_
a Серия Обыкновенная мистика
225 Серия 2_
a Серия Ретроспектива необъяснимых загадок истории
327 Примечание о содержании 0_
a Примечание о содержании Тоннель Линкольна
327 Примечание о содержании 0_
a Примечание о содержании Утрехтское столпотворение
327 Примечание о содержании 0_
a Примечание о содержании Инцидент в Северной Атлантике
327 Примечание о содержании 0_
a Примечание о содержании Хнот
330 Аннотация __
a Аннотация История человечества полна тайн и загадок, многие из которых не могут объяснить даже самые суровые скептики. Кто и зачем построил Стоунхендж, что скрывает Бермудский треугольник, как погибла группа Дятлова - ни технический прогресс, ни прорыв в информационных технологиях не приближают нас к окончательным ответам на эти вопросы, Евгений Филатов предлагает своё объяснение нескольким мистическим случаям, мало известным широкой аудитории. Опираясь на данные публичных и архивных источников, он подробно реконструирует ход предполагаемых событий и, кто знает, возможно, наиболее близко подошел к реальному положению дел. Фантазия, как известно, иногда прозорливее любых научных исследований. Книга "Пропавший батальон" - попытка разгадать тайны истории, она будет интересна всем любителям мистики и фантастики.
333 Примечание о целевом назначении __
a Примечание о целевом назначении 16+. Для детей старше 16 лет
606 Тематические рубрики __
a Основная рубрика Художественная литература
606 Тематические рубрики __
a Основная рубрика Современная русская литература (произведения)
610 Ключевые слова 0_
a Ключевые слова документальные данные
a Ключевые слова исторические события
a Ключевые слова исторические факты
a Ключевые слова повести
a Ключевые слова рассказы
a Ключевые слова тема загадок
a Ключевые слова тема криминала
a Ключевые слова тема мистики
a Ключевые слова тема расследований
a Ключевые слова тема тайн
a Ключевые слова тема человечества
a Ключевые слова темные силы
686 Индексы других классификаций __
a Классификационный индекс 84(2=411.2)6-4; ст84(2=411.2)6-4
686 Индексы других классификаций __
2 Код системы rubbks
700 Автор _1
a Фамилия Филатов
b Имя Е. А.
g Полное личное имя Евгений Анатольевич
4 Код отношения 070
801 Источник записи _0
a Страна ru
b Организация Муниципальное бюджетное учреждение культуры "Централизованная библиотечная система" г. Сургут (Центральная городская библиотека им. А. С. Пушкина)
c Дата составления 20180621
g Правила каталогизации rpk
801 Источник записи _1
a Страна ru
b Организация Муниципальное бюджетное учреждение культуры "Централизованная библиотечная система" г. Сургут (Центральная городская библиотека им. А. С. Пушкина)
c Дата составления 20180621
g Правила каталогизации rpk
852 Данные о местонахождении __
j Шифр хранения 84(2=411.2)6-4
i Авторский знак Ф 51
901 Тип документа __
t Тип документа x
a Ответственный КиК/Трушникова
903 Характеристики (МАРС) __
a Дата передачи 20180621
990 Данные о заказе (DOS) __
j Количество экземпляров (DOS) 6
t N записи в КСУ для И/У (DOS) 201806